| 000 | 00724nam a22002177a 4500 | ||
|---|---|---|---|
| 005 | 20241113084728.0 | ||
| 008 | 241004b |||||||| |||| 00| 0 eng d | ||
| 020 | _a9780357117170 | ||
| 082 | _aDC 657.74 B475 2020 | ||
| 100 |
_aBernard, Bieg J. _eauthor. _962193 |
||
| 245 |
_aPayroll accounting / _cBernard J. Bieg and Judith A. Toland. |
||
| 250 | _a2020 edition. | ||
| 260 |
_aUSA : _bCengage, _c©2020. |
||
| 300 |
_axvi, 505 pages : _bcolor illustrations ; _c27 pages. |
||
| 500 | _aIncludes appendices, glossary, and index. | ||
| 650 | 0 |
_aPayroll accounting. _964036 |
|
| 650 | 0 |
_aWages _xAccounting. _964037 |
|
| 650 | 0 |
_aAccounting. _964038 |
|
| 700 |
_aToland, Judith A. _eauthor. _962198 |
||
| 942 |
_2ddc _cDC |
||
| 999 |
_c22184 _d22184 |
||